Agroforestry in angsnoul district kandal province កសិរុក្ខកម្មនៅស្រុកអង្គស្នួល ខេត្ដកណ្ដាល (Record no. 466)

000 -LEADER
fixed length control field 00529nam a22001577a 4500
003 - CONTROL NUMBER IDENTIFIER
control field OSt
005 - DATE AND TIME OF LATEST TRANSACTION
control field 20150915100424.0
008 - FIXED-LENGTH DATA ELEMENTS--GENERAL INFORMATION
fixed length control field 150915b xxu||||| |||| 00| 0 eng d
040 ## - CATALOGING SOURCE
Transcribing agency RUA
082 ## - DEWEY DECIMAL CLASSIFICATION NUMBER
Classification number AGR THO 1999 B024 Or.1
100 ## - MAIN ENTRY--PERSONAL NAME
9 (RLIN) 486
Personal name THORN, LONGHENG.
245 ## - TITLE STATEMENT
Title Agroforestry in angsnoul district kandal province កសិរុក្ខកម្មនៅស្រុកអង្គស្នួល ខេត្ដកណ្ដាល
260 ## - PUBLICATION, DISTRIBUTION, ETC. (IMPRINT)
Place of publication, distribution, etc. Phnom Penh
Name of publisher, distributor, etc. RUA
Date of publication, distribution, etc. 1999
300 ## - PHYSICAL DESCRIPTION
Extent 74p.
Other physical details ill.
Dimensions 29cm.
942 ## - ADDED ENTRY ELEMENTS (KOHA)
Source of classification or shelving scheme
Koha item type AGR
Holdings
Price effective from Date last seen Permanent Location Not for loan Date acquired Source of classification or shelving scheme Koha item type Barcode Lost status Damaged status Shelving location Withdrawn status Current Location Full call number
2015-09-152015-09-15Library Block B 2015-09-15 AGRRUA005162  B024 Library Block BAGR THO 1999 B024 Or.1
2015-09-152015-09-15Library Block B 2015-09-15 AGRRUA005018  B024 Library Block BAGR THO 1999 B024 Or.2
2015-09-152015-09-15Library Block B 2015-09-15 AGRRUA005234  B024 Library Block BAGR THO 1999 B024 Or.3
2015-09-152015-09-15Library Block B 2015-09-15 AGRRUA005305  B024 Library Block BAGR THO 1999 B024 Or.4
2015-09-152015-09-15Library Block B 2015-09-15 AGRRUA005227  B024 Library Block BAGR THO 1999 B024 Or.5
2015-09-152015-09-15Library Block B 2015-09-15 AGRRUA005159  B024 Library Block BAGR THO 1999 B024 Or.6
2015-09-152015-09-15Library Block B 2015-09-15 AGRRUA005147  B024 Library Block BAGR THO 1999 B024 Or.7
2015-09-152015-09-15Library Block B 2015-09-15 AGRRUA004116  B024 Library Block BAGR THO 1999 B024 Or.8
2015-09-152015-09-15Library Block B 2015-09-15 AGRRUA005297  B024 Library Block BAGR THO 1999 B024 Or.9
2015-09-152015-09-15Library Block B 2015-09-15 AGRRUA005003  B024 Library Block BAGR THO 1999 B024 Or.10
មជ្ឈមណ្ឌលឯការនៃសាកលវិទ្យាល័យភូមិន្ទកសិកម្មចំការដូង

Powered by Koha